Poklady skryté v účetnictví : Díl I. Jak porozumět účetním výkazům /

Enregistré dans:
Détails bibliographiques
Auteurs principaux: Kovanicová, Dana (Auteur), Kovanic, Pavel (Auteur)
Format: Livre
Langue:tchèque
Publié: Praha : Polygon, 1995
Édition:2.aktualizované vyd.
Tags: Ajouter un tag
Pas de tags, Soyez le premier à ajouter un tag!

MARC

LEADER 00000nam a22000003a 4500
001 stu23751
005 20150617225747.8
008 960326s1995----xr------------------cze-d
020 |a 80-85967-06-5 
040 |a STU  |b slo 
041 0 |a cze 
044 |a xr 
080 |a 336.717.16 
100 1 |a Kovanicová, Dana  |4 aut 
245 1 |a Poklady skryté v účetnictví :  |b Díl I. Jak porozumět účetním výkazům /  |c [aut.]Kovanicová,Dana, Kovanic,Pavel 
250 |a 2.aktualizované vyd. 
260 |a Praha :  |b Polygon,  |c 1995 
300 |a 214 s :  |b Tab.,grafy,lit.,index 
700 1 |a Kovanic, Pavel  |4 aut 
996 |b C94101  |c C*94101  |l CCXIV  |s P  |a 0  |w stu23751_0001